British celebrities - Statistics

General Stats
  • This quiz has been taken 676 times
  • The average score is 10 of 19
Answer Stats
Hint Answer % Correct
Double act presenters of Britain's Got Talent Ant and Dec
92%
Hugely popular singer of "Millenium" and "Rock DJ" Robbie Williams
73%
Footballer turned TV presenter who is also in crisps adverts Gary Lineker
69%
Entrepreneur, once the richest man in Britain, now on the Apprentice Lord Sugar
69%
Actress and judge on Britain's Got Talent Amanda Holden
68%
Cheesy singer of "Mysterious Girl" Peter Andre
67%
Geordie singer and X Factor judge Cheryl Cole
66%
Page 3 model who was married to above Katie Price
62%
Ginger Radio DJ and host of the One Show Chris Evans
58%
Extremely old presenter of such shows as "The Price Is Right" Bruce Forsyth
52%
Racist Big Brother winner who died of cancer Jade Goody
52%
Actor famous for "Only Fools and Horses" and "A Touch of Frost" David Jason
50%
Former female tennis player who is now a big part of BBC Sport Sue Barker
46%
Eastenders "tough guy" and gangs expert Ross Kemp
43%
Comedy double act famous for "Four Candles" The Two Ronnies
33%
Comedian who used to married to the above Les Dennis
30%
Yorkshire talk show host who has met everyone Michael Parkinson
25%
Disgraced DJ and TV host who died in 2011 Jimmy Savile
24%
Posh comedian who is considered a National Treasure Stephen Fry
15%
No matching quizzes found
Score Distribution
Percent of People with Each Score
Percentile by Number Answered
Your Score History
You have not taken this quiz